书目信息 |
| 题名: |
101雅思制胜法则
|
|
| 作者: | 亚当斯 , 佩克 编著 ;袁俊娥 , 王成霞 译 | |
| 分册: | 学术类 | |
| 出版信息: | 北京 北京语言大学出版社 2010 |
|
| 页数: | 304页 | |
| 开本: | 26cm | |
| 丛书名: | 新东方大愚英语学习丛书 | |
| 单 册: | ||
| 中图分类: | H310.41 | |
| 科图分类: | ||
| 主题词: | IELTS--自学参考资料 | |
| 电子资源: | ||
| ISBN: | 978-7-5619-2885-1 | |
| 000 | 01394nam0 2200337 45 | |
| 001 | 1138566203 | |
| 005 | 20110419110331.18 | |
| 010 | @a978-7-5619-2885-1@dCNY45.00 | |
| 100 | @a20110409d2010 em y0chiy50 ea | |
| 101 | 2 | @achi@aeng@ceng |
| 102 | @aCN@b110000 | |
| 105 | @ay z 000yy | |
| 106 | @ar | |
| 200 | 1 | @a101雅思制胜法则@A101 Ya Si Zhi Sheng Fa Ze@i学术类@IXue Shu Lei@d101 helpful hints for IELTS:Academic module@f(澳)Garry Adams, (澳)Terry Peck编著@F( Ao )Garry Adams, ( Ao )Terry Peck Bian Zhu@g袁俊娥,王成霞译@zeng |
| 210 | @a北京@c北京语言大学出版社@d2010 | |
| 215 | @a304页@c图@d26cm@e附光盘1片 | |
| 225 | 2 | @a新东方大愚英语学习丛书 |
| 305 | @a由澳大利亚Adams & Austen出版社授权出版 | |
| 307 | @a附光盘:ISBN 978-7-88774-090-8 ISRC CN-M04-10-0164-0 | |
| 330 | @a本书包含两部分内容。第一部分为101条备考策略,是两位作者对多年雅思教学、培训心得与经验的归纳和提炼;第二部分为雅思学术类模拟试题。 | |
| 461 | 0 | @12001 @a新东方大愚英语学习丛书 |
| 510 | 1 | @a101 helpful hints for IELTS@iAcademic module@zeng |
| 606 | 0 | @aIELTS@j自学参考资料 |
| 610 | 0 | @a雅思 |
| 690 | @aH310.41@v4 | |
| 701 | 1 | @c(澳)@a亚当斯@AYa Dang Si@g(Adams, Garry)@4编著 |
| 701 | 1 | @c(澳)@a佩克@APei Ke@g(Peck, Terry)@4编著 |
| 702 | 0 | @a袁俊娥@AYuan Jun E@4译 |
| 702 | 0 | @a王成霞@AWang Cheng Xia@4译 |
| 801 | 0 | @aCN@bTANGWEI@c20110419 |
| 905 | @b0536939-43@dH310.41@e1562@f5 | |
| 101雅思制胜法则.学术类=101 helpful hints for IELTS:Academic module/(澳)Garry Adams, (澳)Terry Peck编著/袁俊娥,王成霞译.-北京:北京语言大学出版社,2010 |
| 304页:图;26cm+附光盘1片.-(新东方大愚英语学习丛书) |
| ISBN 978-7-5619-2885-1:CNY45.00 |
| 本书包含两部分内容。第一部分为101条备考策略,是两位作者对多年雅思教学、培训心得与经验的归纳和提炼;第二部分为雅思学术类模拟试题。 |
| ● |
| 相关链接 |
|
|
|
|
正题名:101雅思制胜法则
索取号:H310.41/1562
 
预约/预借
| 序号 | 登录号 | 条形码 | 馆藏地/架位号 | 状态 | 备注 |
| 1 | 0536939 | 205369395 | 第二样本阅览室/ [索取号:H310.41/1562] | 在馆 | |
| 2 | 0536940 | 205369402 | 第四借阅区/ [索取号:H310.41/1562] | 在馆 | |
| 3 | 0536941 | 205369411 | 第四借阅区/ [索取号:H310.41/1562] | 在馆 | |
| 4 | 0536942 | 205369420 | 第四借阅区/ [索取号:H310.41/1562] | 在馆 | |
| 5 | 0536943 | 205369439 | 密集书库—外国语学院/ [索取号:H310.41/1562] | 在馆 |